01056nas a2200457 4500000000100000008004100001260001600042653001500058653001000073653000900083653001200092653001100104653001000115653001200125653002200137653000900159653002600168653001100194653001800205653002100223653001100244653001800255653001200273653000900285653002100294653001600315653001600331653001600347653003200363653002600395653001100421653001500432653002000447653002500467653002800492100001600520245003000536300001000566490000800576022001400584 1971 d c1971 Jan 2910aAdolescent10aAdult10aAged10aAnimals10aCattle10aChild10aDenmark10aDisease Outbreaks10aDogs10aDrug Hypersensitivity10aFemale10aGermany, West10aHealth Workforce10aHumans10aImmunotherapy10aleprosy10aMale10aMass Chest X-Ray10aMiddle Aged10aNetherlands10aOccupations10aPhysician-Patient Relations10aSocioeconomic Factors10aSputum10aTuberculin10aTuberculin Test10aTuberculosis, Bovine10aTuberculosis, Pulmonary1 aSchlapper K00a[Tuberculosis pulmonary]. a171-40 v113 a0027-2973